000 00584nam a2200193Ia 4500
005 20250326142842.0
008 250326s9999 xx 000 0 und d
020 _a0-07-137500-7
037 _aTextbook
040 _aFMSL
_beng
_cFMSL
041 _aeng
_2eng
084 _aX:8 P2
_qFMSL
100 _aIvancevich John M
245 0 _aManaging einsteins : leading hightech workers in the digital age
_cIvancevich John M; Duening Thomas N
260 _aNew York
_bNew York, McGraw-Hill
_c2002
300 _axviii,251
942 _cTB
_hX:8 P2
999 _c1296940
_d1296940